LEADER 00699nam0-22002651i-450- 001 990006032060403321 005 19980601 035 $a000603206 035 $aFED01000603206 035 $a(Aleph)000603206FED01 035 $a000603206 100 $a19980601d1984----km-y0itay50------ba 105 $a--------00-yy 200 1 $aECONOMICS in Disarray$fedited by Peter Wiles and Guy Routh. 210 $aOxford$cBasil Blackwell$d1984 215 $a355 p.$d23 cm 676 $a330.1 801 0$aIT$bUNINA$gRICA$2UNIMARC 901 $aBK 912 $a990006032060403321 952 $aXV I 246$b1123$fFGBC 959 $aFGBC 996 $aEconomics in Disarray$9465507 997 $aUNINA DB $aGIU01 LEADER 01061nam0 22002651i 450 001 RML0235423 005 20231121125701.0 100 $a20121121d1991 ||||0itac50 ba 101 | $aita 102 $ait 181 1$6z01$ai $bxxxe 182 1$6z01$an 200 1 $a˜L'œinformatizzazione dell'impresa edile$eCome progettare, realizzare e gestire la soluzione informatica$fMaurizio Morena$gOliviero Tronconi 210 $aMilano $cETAS $d1991 215 $aix,220 p.$ctab. fig.$d24 cm. 700 1$aMORENA$b, Maurizio$3RMLV148184$0339071 701 1$aTRONCONI$b, Oliviero$3RMLV148182$023904 801 3$aIT$bIT-01$c20121121 850 $aIT-FR0098 899 $aBiblioteca Area Giuridico Economica$bFR0098 912 $aRML0235423 950 0$aBiblioteca Area Giuridico Economica$d 53IMP 338.4/16$e 53VM 0000039205 VM barcode:ECO002432. - Inventario:3518. - Fondo:Sala consultazioneVM$fA $h19961023$i20121204 977 $a 53 996 $aInformatizzazione dell'impresa edile$9326660 997 $aUNICAS